Social formation in Dhaka City : (Record no. 19474)

MARC details
000 -LEADER
fixed length control field 00946nam a2200289 a 4500
001 - CONTROL NUMBER
control field 3429071
003 - CONTROL NUMBER IDENTIFIER
control field BDDh-ASL
005 - DATE AND TIME OF LATEST TRANSACTION
control field 20231015025802.0
008 - FIXED-LENGTH DATA ELEMENTS--GENERAL INFORMATION
fixed length control field 910627s1990 bg a b 001 0 eng
010 ## - LIBRARY OF CONGRESS CONTROL NUMBER
LC control number 90905426
020 ## - INTERNATIONAL STANDARD BOOK NUMBER
Terms of availability Tk450.00
025 ## - OVERSEAS ACQUISITION NUMBER
Overseas acquisition number B E 6298
040 ## - CATALOGING SOURCE
Original cataloging agency DLC
Transcribing agency DLC
Modifying agency BDDh-ASL
043 ## - GEOGRAPHIC AREA CODE
Geographic area code a-bg---
050 00 - LIBRARY OF CONGRESS CALL NUMBER
Classification number HN690.6.D32
Item number S65 1990
082 ## - DEWEY DECIMAL CLASSIFICATION NUMBER
Classification number 954.922
Item number SIS
245 00 - TITLE STATEMENT
Title Social formation in Dhaka City :
Remainder of title a study in Third World urban sociology /
Statement of responsibility, etc. Kamal Siddiqui ... [et al.].
260 ## - PUBLICATION, DISTRIBUTION, ETC.
Place of publication, distribution, etc. Dhaka, Bangladesh :
Name of publisher, distributor, etc. University Press,
Date of publication, distribution, etc. 1990.
300 ## - PHYSICAL DESCRIPTION
Extent vi, 456 p. :
Other physical details ill. ;
Dimensions 22 cm.
500 ## - GENERAL NOTE
General note Includes index.
504 ## - BIBLIOGRAPHY, ETC. NOTE
Bibliography, etc. note Includes bibliographical references (p. [444]-450).
651 #0 - SUBJECT ADDED ENTRY--GEOGRAPHIC NAME
Geographic name Dhaka (Bangladesh)
General subdivision Social conditions.
700 1# - ADDED ENTRY--PERSONAL NAME
Personal name Siddiqui, Kamal.
906 ## - LOCAL DATA ELEMENT F, LDF (RLIN)
a 7
b cbc
c orignew
d 3
e ncip
f 19
g y-gencatlg
942 ## - ADDED ENTRY ELEMENTS (KOHA)
Source of classification or shelving scheme Dewey Decimal Classification
Koha item type Books
Holdings
Withdrawn status Lost status Source of classification or shelving scheme Damaged status Not for loan Collection code Home library Current library Shelving location Date acquired Source of acquisition Total Checkouts Full call number Barcode Date last seen Copy number Price effective from Koha item type Public note
    Dewey Decimal Classification     Non-fiction Asiatic Society Library Asiatic Society Library Sirajul Islam Collection 12/03/2020 Donated by Professor Sirajul Islam, FRHS   954.922 SIS 102808 12/03/2020 C-1 12/03/2020 Books  
    Dewey Decimal Classification     Non-fiction Asiatic Society Library Asiatic Society Library Dhaka Collection 01/17/2021 ASB Collection   954.922 SIS 104495 01/17/2021 C-2 01/17/2021 Books  
    Dewey Decimal Classification   Not For Loan Non-fiction Asiatic Society Library Asiatic Society Library Dhaka Collection 05/26/2022 ASB Library Collection   954.922 SIS 116799 05/26/2022 C-3 05/26/2022 Books RARE

Powered by Koha